=LDR 00000nam 2200000 4500 =001 INLIS000000000055117 =005 20200313015735 =035 ##$$a 0010-0320000224 =007 ta =008 200313###########################0#ind## =020 ##$$a 978-602-7820-66-1 =082 ##$$a 613.607 1 =084 ##$$a 613.607 1 Fua l =245 1#$$a Love Your Life : $b Lebih Memahami Prilaku Merokok /$c Fuad Baradja =300 ##$$a 344 halaman : $b Ilustrasi ; $c 20 Cm. =650 #4$$a Kesehatan-Merokok =700 #$$a Penyunting: Irin Hidayat =264 ##$$a Yogyakarta :$b Pro-U-Media,$c 2017 =336 ##$$a teks$2 rdacontent =337 ##$$a lain-lain$2 rdamedia =338 ##$$a lain-lain$2 rdacarrier =990 ##$$a 19701970 =990 ##$$a 19701970